Statistiken für Jüngste Spieler von Werder Bremen in der Bundesliga (seit 2000)

Klicken Sie hier um das Quiz zu spielen!

Allgemein

  • Dieses Quiz wurde 51 mal gespielt
  • Das Durchschnittsergebnis liegt bei 12 aus 48

Antwortstatistiken

JahrAlterNationalitätSpieler% Korrekt
202217 JahreItalien/
Deutschland
Fabio Chiarodia
77%
201719 JahreDeutschlandJohannes Eggestein
62%
201818 JahreUSAJosh Sargent
62%
201417 JahreDeutschlandMaximilian Eggestein
62%
200418 JahreDeutschlandAaron Hunt
59%
200319 JahreParaguayNelson Valdez
56%
202017 JahreDeutschlandNick Woltemade
56%
202019 JahreTürkei/
Deutschland
Eren Dinkçi
54%
200819 JahreDeutschlandMesut Özil
49%
201619 JahreGambiaOusman Manneh
46%
200719 JahreDeutschlandMax Kruse
41%
201218 JahreDeutschlandNiclas Füllkrug
41%
201618 JahreDeutschlandNiklas Schmidt
38%
201018 JahreDeutschlandLennart Thy
33%
201819 JahreÖsterreichMarco Friedl
31%
201318 JahreDeutschlandDavie Selke
28%
201419 JahreDeutschland/
Türkei
Levent Ayçiçek
28%
200920 JahreDeutschlandMarko Marin
28%
201318 JahreDeutschlandMelvyn Lorenzen
26%
200920 JahreDeutschlandPhilipp Bargfrede
26%
201218 JahreDeutschlandTom Trybull
26%
201519 JahreSchweizUlisses Garcia
26%
201118 JahreDeutschlandFlorian Trinks
23%
202319 JahreTogo/
Deutschland
Dikeni Salifou
21%
201518 JahreDeutschlandLevin Öztunali
21%
201319 JahreDeutschland/
Türkei
Özkan Yıldırım
21%
200719 JahreKolumbienJohn Jairo Mosquera
18%
201818 JahreDeutschlandLuca Plogmann
18%
201019 JahreDeutschlandFelix Kroos
15%
201520 JahreÖsterreichFlorian Grillitsch
15%
202318 JahreDeutschlandLeon Opitz
15%
200020 JahreKroatienIvica Banovic
10%
200319 JahreDeutschlandChristian Schulz
8%
201919 JahreDeutschlandLuc Ihorst
8%
201419 JahreDeutschlandMarnon Busch
8%
201020 JahreTürkei/
Deutschland
Onur Ayık
8%
200920 JahreDeutschlandSebastian Mielitz
8%
200619 JahreDeutschlandJérôme Polenz
5%
200718 JahreDeutschlandKevin Schindler
5%
201520 JahreDeutschlandLukas Fröde
5%
201119 JahreDeutschland/
Serbien
Aleksandar Stevanovic
3%
201218 JahreDeutschlandFlorian Hartherz
3%
200419 JahreDeutschlandFrancis Banecki
3%
201520 JahreDeutschlandLuca Zander
3%
201319 JahreDeutschlandMartin Kobylanski
3%
201120 JahreSerbienPredrag Stevanovic
3%
201619 JahreGambia/
Deutschland
Leon Guwara
0%
200920 JahreDeutschlandTimo Perthel
0%

Verteilung der Resultate

Perzentil nach korrekt beantworteten Fragen

Anzahl Personen mit jedem Resultat

Ihre Resultats-Entwicklung

Sie haben dieses Quiz noch nicht gespielt